000 00286nam a2200121Ia 4500
008 240624s9999 xx 000 0 und d
041 _aeng
082 _a823 FOR
100 _aFORSYTH FREDERICK
245 _aKILL LIST
260 _c2013
_aLondon
_bCorgi Books
300 _a348 p.; 17 cm.
999 _c28969
_d28969